| 000 | 00348nam a22001337a 4500 | ||
|---|---|---|---|
| 020 | _a9780195136135 | ||
| 040 | _cNUST | ||
| 082 |
_a621.3192 _bFRA |
||
| 100 | _aFranco , Sergio | ||
| 245 | _aElectric Circuits Fundamentals | ||
| 260 |
_aNew York: _bOxford University Press, _c1995. |
||
| 650 | _aElectric Circuits Fundamentals | ||
| 942 |
_2ddc _cREF |
||
| 999 |
_c609911 _d609911 |
||